| 000 | 00715nam a2200193Ia 4500 | ||
|---|---|---|---|
| 008 | 150610s9999 xx 000 0 und d | ||
| 020 | _a9780590353427 | ||
| 050 |
_aPR6068 _b.O93 H37b v.1 |
||
| 100 | _aRowling, J.K. | ||
| 245 |
_aHarry Potter and the sorcerer's stone / _cby J.K. Rowling ; illustrations by Mary GrandPre. |
||
| 260 |
_aNew York : _bScholastic, _c1999. |
||
| 300 |
_a309pages : _billustrations ; _c20 cm. |
||
| 440 |
_aHarry Potter ; bk. 1 _vv.1 |
||
| 520 | _aJuvenile fiction. | ||
| 650 |
_aFantasy fiction _xJuvenile |
||
| 650 |
_aHogwarts school of witchcraft and wizardry (Imaginary place) _xJuvenile fiction. |
||
| 650 |
_aMagic _bJuvenile fiction. |
||
| 650 |
_aSchools _bJuvenile fiction. |
||
| 999 |
_c287924 _d287924 |
||